| 000 | 00466cam a22001097a 4500 | ||
|---|---|---|---|
| 008 | 180718b1963 xxu||||| |||| 00| 0 eng d | ||
| 082 | _aR1x54 In7/eng/63/7/2 | ||
| 245 |
_aEngineering manpoweri analytical review of demand forecast methodology and provisional forecast of growth _cby Institute of Applied Manpower Research |
||
| 260 |
_aNew Delhi _bInstitute of Applied Manpower Research _c1963 |
||
| 300 | _a48p. | ||
| 700 | _aIndia. Institute of Applied Manpower Research | ||
| 999 |
_c496441 _d496441 |
||